| 000 | 00733nmc a2200289 a 4500 | ||
|---|---|---|---|
| 003 | AR-BaBNM | ||
| 005 | 20251128203112.0 | ||
| 008 | 267119s1962 ||||||||||||||000 | spa|| | ||
| 040 | _cAR-BaBNM | ||
| 100 | 1 | _aClément, Marcel | |
| 245 | 1 | 0 | _aComunismo versus Dios |
| 260 |
_aSantiago de Chile _bPomaire _c1962 |
||
| 300 | 0 | _a258 p. | |
| 490 | 0 | _aEl pregón | |
| 650 | 4 | _aSOCIOLOGIA POLITICA | |
| 650 | 4 | _aCOMUNISMO | |
| 650 | 4 | _aMARXISMO | |
| 650 | 4 | _aIDEOLOGIAS | |
| 650 | 4 | _aCAPITALISMO | |
| 650 | 4 | _aTEORIA ECONOMICA | |
| 650 | 4 | _aPROPAGANDA | |
| 650 | 4 | _aSOCIOLOGIA DE LA RELIGION | |
| 653 | _aFORMAS DE GOBIERNO | ||
| 700 | 1 |
_aGómez de Muñoz, Marta Valentina _etraductor |
|
| 942 | _cBK | ||
| 998 | _cMARTIN | ||
| 999 |
_c1901 _d1901 |
||